Top Beer Brewers Quiz Stats

 Plays Quiz Updated Jul 14, 2021

Support Sporcle.
Go Orange.
Score 0/20 Timer 07:00
2 Plays Today
Rank Brewer % Correct
1Anheuser-Busch InBev
81.2%
2MillerCoors Brewing Co.
48.3%
4D. G. Yuengling and Son Inc.
30.4%
5Boston Beer Co.
29.6%
3Pabst Brewing Co.
26%
7Sierra Nevada Brewing Co.
19.9%
20Brooklyn Brewery
13.2%
18Stone Brewing Co.
12.9%
8New Belgium Brewing Co.
12.6%
16Lagunitas Brewing Co.
11.5%
Rank Brewer % Correct
13Bell's Brewery, Inc.
9.9%
15Harpoon Brewery
8.9%
19Dogfish Head Craft Brewery
8.5%
9Craft Brewers Alliance, Inc.
7.2%
17Boulevard Brewing Co.
7.2%
11Deschutes Brewery
5.9%
12Matt Brewing Co.
2.8%
10The Gambrinus Company
1.9%
6North American Breweries
1.8%
14Minhas Craft Brewery
1.4%

From the Vault

US State Ranking Showdown

by needapausebutton

Geography 12m
Usually we just rank states by area and population. But this quiz takes ranking to the next level.
Remove Ads.
Support Sporcle.
Get the best of Sporcle when you Go Orange. This ad-free experience offers more features, more stats, and more fun while also helping to support Sporcle. Thank you for becoming a member.

Show Comments

Extras

Top Quizzes Today


Score Distribution

Your Account Isn't Verified!

In order to create a playlist on Sporcle, you need to verify the email address you used during registration. Go to your Sporcle Settings to finish the process.

Report this User

Report this user for behavior that violates our Community Guidelines.

Details: